Statistics for Gulfs and Bays on the World Map

Click here to take the quiz!

General Stats

  • This quiz has been taken 13,159 times
  • The average score is 8 of 16

Answers on the Map

Answers color-coded by a green-red scale on the quiz's map according to % correct below.
Loading ...
 

Answer Stats

Gulf/Bay% Correct
Gulf of Mexico
94%
Bay of Bengal
75%
Persian Gulf
75%
Hudson Bay
74%
Bay of Biscay
65%
Gulf of California
62%
Gulf of Alaska
54%
Baffin Bay
45%
Gulf of Aden
43%
Gulf of Finland
38%
Gulf of Guinea
38%
Gulf of Thailand
34%
Gulf of Bothnia
29%
Gulf of Saint Lawrence
27%
{Great} {Australian} Bight
22%
Gulf of Carpentaria
16%

Score Distribution

Percentile by Number Answered

Percent of People with Each Score

Your Score History

You have not taken this quiz